Escenario para la construcción ambiental colectiva / (Registro nro. 8139)

Detalles MARC
000 -CABECERA
Campo de control 01205nam a22002657a 4500
005 - FECHA Y HORA DE LA ULTIMA TRANSACCION
Campo de control 20141125020002.0
008 - ELEMENTOS DE LONGITUD FIJA—INFORMACION GENERAL
Campo de control 041006s2002 ck a r 10110 spa d
020 ## - ISBN
ISBN 9589487440
041 0# - IDIOMA
Código de idioma para texto/pista de sonido o título separado Español
044 ## - PAÍS DE PUBLICACIÓN
País de publicación Colombia
082 04 - NUMERO DE CLASIFICACION DECIMAL DEWEY
Número de clasificación 333.72
Número del ítem C65e
111 2# - ASIENTO PRINCIPAL--NOMBRE DE REUNION
Nombre de reunión o de jurisdicción como elemento de entrada Congreso Nacional Ambiental
Fecha de la reunión 2002
Lugar de la reunión Bogotá
245 10 - MENCION DE TITULO
Título Escenario para la construcción ambiental colectiva /
Mención de responsabilidad Memorias Congreso Nacional Ambiental, Biblioteca Virgilio Barco, Bogotá, 10 al 12 de abril de 2002 ; Andrés Pastrana Arango ... [et al.].
260 ## - PUBLICACION, DISTRIBUCION, ETC. (PIE DE IMPRENTA)
Lugar de publicación, distribución, etc. Bogotá
Nombre del editor, distribuidor, etc. Ministerio del medio Ambiente, Cormagdalena,
Fecha de publicación, distribución, etc. 1998.
300 ## - DESCRIPCION FISICA
Extensión 398 p. :
Otros detalles físicos il. ;
Dimensiones 23 cm.
504 ## - NOTA DE BIBLIOGRAFIA, ETC.
Nota de bibliografía Incluye referencias bibliográficas
650 #6 - ASIENTO SECUNDARIO DE MATERIA - TERMINO TEMATICO
Término temático o nombre geográfico como elemento de entrada Medio ambiente
Subdivisión de forma Congresos, conferencias, etc..
650 ## - ASIENTO SECUNDARIO DE MATERIA - TERMINO TEMATICO
Término temático o nombre geográfico como elemento de entrada Protección del medio ambiente
Subdivisión geográfica Colombia
Subdivisión de forma Congresos, conferencias, etc..
650 ## - ASIENTO SECUNDARIO DE MATERIA - TERMINO TEMATICO
Término temático o nombre geográfico como elemento de entrada Control ambiental
Subdivisión de forma Congresos, conferencias, etc..
650 ## - ASIENTO SECUNDARIO DE MATERIA - TERMINO TEMATICO
Término temático o nombre geográfico como elemento de entrada Política ambiental
Subdivisión geográfica Colombia
Subdivisión de forma Congresos, conferencias, etc..
650 #6 - ASIENTO SECUNDARIO DE MATERIA - TERMINO TEMATICO
Término temático o nombre geográfico como elemento de entrada Memorias Congreso Nacional Ambiental.
700 1# - ASIENTO SECUNDARIO - NOMBRE PERSONAL
Nombre personal Alvarez, Fernando,
Término de relación ed.
700 1# - ASIENTO SECUNDARIO - NOMBRE PERSONAL
Nombre personal Pastrana-Arango, Andrés,
Fechas asociadas con el nombre 1954-
942 ## - ELEMENTOS ADICIONALES (KOHA)
Sistema de clasificación Dewey Decimal Classification
Tipo de ítem Impreso
Koha issues (borrowed), all copies 5
Existencias
Withdrawn status Lost status Sistema de Clasificación Damaged status No para préstamo Colección Inventariado Ubicación Permanente Ubicación actual Fecha de adquisición Valor Total Checkouts Total Renewals Número topográfico Inventario / Código de Barras Date last seen Date checked out Ejemplar Price effective from Forma de adquisición Tipo de material
    Dewey Decimal Classification     General Inventariado 2017 Bogotá Bogotá 24/02/2014 39000.00 5 4 LB-333.72 C65e 028785 24/11/2014 24/11/2014 Ej. 2 24/02/2014   Libro
    Dewey Decimal Classification     Hemeroteca Inventariado 2017 Sala Fabio Quevedo Sala Fabio Quevedo 25/07/2017 39000.00     LB-333.72 C65e 016086 25/07/2017   Ej. 1 25/07/2017 Donación Libro